000 00782cam a2200265 a 4500
001 146141
003 OSt
005 20180921
008 0000001973 dr AN 0000000000 00
100 _aVega, Bernardo
245 _aEvaluación de la política de industrialización de la República Dominicana /
_cEvaluación de la política de industrialización de la República Dominicana /
260 _aSanto Domingo :
_b[s. n.]
300 _aiii, 221 p.
504 _aIncluye índice
650 _aINDUSTRIAS
040 _aDLC
_cDLC
942 _2ddc
_cBK
999 _c146141
_d14614100